000 00623nam a2200193 a 4500
005 20140414093840.0
008 071002s19uu xx 00 eng d
050 _aDVD 780
_bTip
245 _aTipong pinoy :
_bindegenous music.
260 _aSl :
_bNCAA / Felta,
_c[200?]
300 _a1 videodisk (23 min. 10 sec.)
440 _aTipong pinoy
520 _aA television program featuring Philippine idegenous music - from north to south; Also includes feature of the group - Musika Asya.
650 _aIndegenous music.
650 _aFilipino music.
650 _aTipong pinoy.
942 _cAVM
999 _c109263
_d109263